[Event "German Bundesliga 2023-24"]
[Site "Germany"]
[Date "2024.04.27"]
[Round "14.15"]
[White "Palac, Mladen"]
[Black "Kozul, Zdenko"]
[Result "1/2-1/2"]
[WhiteElo "2463"]
[BlackElo "2531"]
[Annotator "TA"]
[PlyCount "45"]
[EventDate "2023.10.20"]
[EventType "team-tourn"]
[EventCountry "GER"]
[SourceTitle "playchess.com"]
[Source "ChessBase"]
[SourceQuality "1"]

1. e4 c5 2. Nf3 Nc6 3. Bb5 Qc7 4. O-O a6 5. Bxc6 dxc6 6. a4 a5 7. d3 e5 8. Na3 Ne7 9. Nh4 Ng6 10. Nxg6 hxg6 11. f4 Bd6 12. Nc4 Be6 13. Nxd6+ Qxd6 14. Kh1 c4 15. dxc4 Qxd1 16. Rxd1 exf4 17. Bxf4 Bxc4 18. Rd4 Be6 19. Rad1 f6 20. Kg1 Ke7 21. c4 Rhd8 22. Rxd8 Rxd8 23. Rxd8 1/2-1/2

[Event "German Bundesliga 2023-24"]
[Site "Germany"]
[Date "2024.04.27"]
[Round "14.15"]
[White "Lokander, Martin"]
[Black "Kramer, Julian"]
[Result "1/2-1/2"]
[WhiteElo "2462"]
[BlackElo "2470"]
[Annotator "RC"]
[PlyCount "73"]
[EventDate "2023.10.20"]
[EventType "team-tourn"]
[EventCountry "GER"]
[SourceTitle "playchess.com"]
[Source "ChessBase"]
[SourceQuality "1"]

1. Nf3 Nf6 2. c4 c5 3. Nc3 d5 4. cxd5 Nxd5 5. e4 Nb4 6. Bc4 Nd3+ 7. Bxd3 Qxd3 8. Ne5 Qd6 9. f4 e6 10. O-O Be7 11. Qh5 g6 12. Qh6 Bf8 13. Qh3 Bg7 14. Nb5 Qd8 15. d4 a6 16. Qa3 Qb6 17. Nc3 Qb4 18. dxc5 Qxa3 19. bxa3 Nc6 20. Na4 Nxe5 21. fxe5 Bxe5 22. Rb1 Rb8 23. Bb2 Bxb2 24. Nxb2 Ke7 25. e5 Bd7 26. Nc4 Bb5 27. Rf4 Bxc4 28. Rxc4 Rhc8 29. Rb6 Rc6 30. Kf2 Rxb6 31. cxb6 Rd8 32. Ke3 Rd5 33. Rc7+ Rd7 34. Rc8 Rd8 35. Rc7+ Rd7 36. Rc8 Rd8 37. Rc7+ 1/2-1/2

[Event "German Bundesliga 2023-24"]
[Site "Germany"]
[Date "2024.04.27"]
[Round "14.16"]
[White "Koellner, Ruben Gideon"]
[Black "Kovacevic, Blazimir"]
[Result "0-1"]
[WhiteElo "2483"]
[BlackElo "2383"]
[Annotator "TA"]
[PlyCount "204"]
[EventDate "2023.10.20"]
[EventType "team-tourn"]
[EventCountry "GER"]
[SourceTitle "playchess.com"]
[Source "ChessBase"]
[SourceQuality "1"]

1. d4 e6 2. Nf3 f5 3. Bf4 Nf6 4. e3 d6 5. h4 Be7 6. c4 Ne4 7. Bd3 O-O 8. Qc2 Nc6 9. a3 e5 10. dxe5 dxe5 11. Bxe4 fxe4 12. Nxe5 Nxe5 13. Bxe5 Bxh4 14. g3 Bf6 15. Qxe4 Bxe5 16. Qxe5 Bg4 17. Nd2 c6 18. f3 Qd3 19. O-O-O Rae8 20. Qc5 b6 21. Qb4 c5 22. Qa4 Bd7 23. Qxa7 Rxe3 24. Qb7 Ba4 25. Qd5+ Qxd5 26. cxd5 Bxd1 27. Rxd1 Rd3 28. Re1 Rxd5 29. Re6 b5 30. f4 Rb8 31. Kc2 c4 32. Ne4 h6 33. g4 Rd3 34. f5 Rf3 35. Rg6 Kh7 36. Nc5 b4 37. axb4 Rxb4 38. Ne6 Rb7 39. Nf8+ Kg8 40. Ne6 Kh7 41. Nf8+ Kh8 42. Rc6 Rf2+ 43. Kc3 Rb3+ 44. Kxc4 Rg3 45. Ng6+ Kh7 46. Ne5 Rxb2 47. Ra6 Rf2 48. Ra1 Re2 49. Kd5 Rge3 50. Ng6 Rd2+ 51. Kc4 Rg2 52. Kd5 Rxg4 53. Nf8+ Kg8 54. Ne6 Kf7 55. Ra8 Rg1 56. Rf8+ Ke7 57. Rg8 Rxe6 58. fxe6 Rg5+ 59. Ke4 Kxe6 60. Kf4 Kf7 61. Ra8 Rb5 62. Ra6 Rb1 63. Kg4 Rf1 64. Kh5 Rf5+ 65. Kh4 Rf6 66. Ra4 g6 67. Ra7+ Kg8 68. Kg4 Rf7 69. Ra8+ Kg7 70. Ra5 Rc7 71. Ra4 h5+ 72. Kh4 Kh6 73. Ra6 Rc4+ 74. Kh3 Re4 75. Rb6 Kg5 76. Rb5+ Kf6 77. Rb6+ Kf5 78. Rb5+ Re5 79. Rb3 g5 80. Rf3+ Kg6 81. Ra3 h4 82. Ra8 Re3+ 83. Kh2 Kf5 84. Ra2 g4 85. Rf2+ Kg5 86. Rf8 Re2+ 87. Kh1 h3 88. Ra8 Kf4 89. Rf8+ Kg3 90. Rf1 Kh4 91. Ra1 g3 92. Ra4+ Kg5 93. Ra1 Kf4 94. Ra4+ Kf3 95. Ra1 Rd2 96. Re1 Kf2 97. Rg1 Rd3 98. Rf1+ Ke2 99. Rf2+ gxf2 100. Kh2 Rf3 101. Kh1 f1=Q+ 102. Kh2 Qg2# 0-1

[Event "German Bundesliga 2023-24"]
[Site "Germany"]
[Date "2024.04.27"]
[Round "14.16"]
[White "Zwirs, Nico"]
[Black "Lindgren, Philip"]
[Result "1-0"]
[WhiteElo "2476"]
[BlackElo "2395"]
[Annotator "RC"]
[PlyCount "101"]
[EventDate "2023.10.20"]
[EventType "team-tourn"]
[EventCountry "GER"]
[SourceTitle "playchess.com"]
[Source "ChessBase"]
[SourceQuality "1"]

1. e4 c6 2. d4 d5 3. exd5 cxd5 4. Nf3 Nc6 5. Bb5 Bd7 6. O-O Nf6 7. Re1 a6 8. Bd3 Bg4 9. c3 e6 10. Bf4 Bd6 11. Bxd6 Qxd6 12. Nbd2 O-O 13. h3 Bh5 14. a4 Rfe8 15. Qb1 Bg6 16. Bxg6 hxg6 17. Qd3 Nd7 18. Re3 b5 19. b4 bxa4 20. Rxa4 a5 21. b5 Nd8 22. c4 dxc4 23. Nxc4 Qc7 24. Nfe5 Nxe5 25. Nxe5 Nb7 26. Rc4 Qd8 27. Re1 Nd6 28. Rc5 a4 29. Ra1 Nf5 30. Nc6 Qb6 31. Qc4 a3 32. Qb4 Nd6 33. Rxa3 Qb7 34. Na5 Qe4 35. Re5 Qc2 36. b6 Qc1+ 37. Re1 Qf4 38. b7 Rab8 39. Rf3 Qg5 40. Nc6 Qd5 41. Nxb8 Rxb8 42. Re5 Qc6 43. Rc3 Qd7 44. d5 Rxb7 45. dxe6 fxe6 46. Qg4 Kf7 47. Rg3 Nf5 48. Qxg6+ Kf8 49. Rf3 Rb1+ 50. Kh2 Qc7 51. Rfxf5+ 1-0

[Event "German Bundesliga 2023-24"]
[Site "Germany"]
[Date "2024.04.27"]
[Round "14.16"]
[White "Boensch, Uwe"]
[Black "Mainka, Romuald"]
[Result "1/2-1/2"]
[WhiteElo "2456"]
[BlackElo "2364"]
[Annotator "ChessBase"]
[PlyCount "86"]
[EventDate "2023.10.20"]
[EventType "team-tourn"]
[EventCountry "GER"]
[SourceTitle "playchess.com"]
[Source "ChessBase"]
[SourceQuality "1"]

1. d4 Nf6 2. c4 e6 3. Nf3 h6 4. Nc3 d5 5. Bf4 Bd6 6. Bg3 O-O 7. e3 b6 8. cxd5 exd5 9. Be2 Ne4 10. Nxe4 dxe4 11. Nd2 Bb7 12. O-O Nd7 13. Rc1 Bxg3 14. hxg3 Nf6 15. Nc4 Qe7 16. Qa4 Bd5 17. b4 Rfc8 18. b5 c5 19. bxc6 Bxc6 20. Qa6 Bb7 21. Qb5 Nd5 22. Ne5 Nc3 23. Qb2 Nxe2+ 24. Qxe2 Qa3 25. Qd2 Bd5 26. Rc2 Rxc2 27. Qxc2 Qxa2 28. Qc7 Be6 29. Nc6 Kh8 30. Qb7 Rc8 31. Ne7 Rd8 32. Rc1 Qa3 33. Rc7 Qa1+ 34. Kh2 Qd1 35. Qxe4 a5 36. Qe5 Qg4 37. d5 Bd7 38. f4 f6 39. Qd6 Qh5+ 40. Kg1 Qd1+ 41. Kh2 Qh5+ 42. Kg1 Qd1+ 43. Kh2 Qh5+ 1/2-1/2

[Event "German Bundesliga 2023-24"]
[Site "Germany"]
[Date "2024.04.28"]
[Round "15"]
[White "Kasimdzhanov, Rustam"]
[Black "Naumann, Alexander"]
[Result "1-0"]
[WhiteElo "2679"]
[BlackElo "2498"]
[Annotator "TA"]
[PlyCount "141"]
[EventDate "2023.10.20"]
[EventType "team-tourn"]
[EventCountry "GER"]
[SourceTitle "playchess.com"]
[Source "ChessBase"]
[SourceQuality "1"]

1. e4 e5 2. Nf3 Nc6 3. Bb5 a6 4. Ba4 Bc5 5. O-O Nge7 6. c3 Ng6 7. d4 Ba7 8. Be3 O-O 9. Nbd2 exd4 10. cxd4 d5 11. Bxc6 bxc6 12. Rc1 dxe4 13. Nxe4 Be6 14. b3 Bd5 15. Nc3 Re8 16. Nxd5 cxd5 17. Qc2 Bb6 18. Qf5 Qd6 19. Rc2 Qe6 20. Qxe6 Rxe6 21. Rfc1 a5 22. Kf1 f6 23. a4 Rae8 24. g3 Re4 25. Nd2 R4e6 26. b4 Ne7 27. Nb3 Ra8 28. Bd2 axb4 29. a5 Rxa5 30. Nxa5 Bxa5 31. Ra2 Bb6 32. Bxb4 Nf5 33. Bc5 Bxc5 34. dxc5 h5 35. c6 Ne7 36. Ra7 Nxc6 37. Rxc7 Ne7 38. h4 Kf7 39. Ra1 Kg6 40. Rd7 Re5 41. Re1 Rxe1+ 42. Kxe1 Kf7 43. Rd6 Kg6 44. Ke2 Kf5 45. Rd7 Ke6 46. Rd8 Nf5 47. Rh8 g6 48. Kf3 Nd6 49. Rg8 Kf7 50. Ra8 Ne4 51. Ra6 Ke7 52. Ke3 Kf7 53. Ra2 Ke6 54. Kd4 Kf5 55. Rb2 Ke6 56. Re2 Kd6 57. Rb2 Ke6 58. Rc2 Kd6 59. Re2 Nc5 60. Re8 Ne6+ 61. Ke3 Ke5 62. f3 f5 63. f4+ Kf6 64. Rc8 Kf7 65. Kd3 Ke7 66. Kc3 Kf7 67. Rc6 Ke7 68. Kb4 Kd7 69. Rb6 Ke7 70. Rb7+ Kf6 71. Rd7 1-0

[Event "German Bundesliga 2023-24"]
[Site "Germany"]
[Date "2024.04.28"]
[Round "15"]
[White "Bacrot, Etienne"]
[Black "Roseneck, Jonas"]
[Result "1-0"]
[WhiteElo "2668"]
[BlackElo "2393"]
[Annotator "TA"]
[PlyCount "77"]
[EventDate "2023.10.20"]
[EventType "team-tourn"]
[EventCountry "GER"]
[SourceTitle "playchess.com"]
[Source "ChessBase"]
[SourceQuality "1"]

1. e4 e5 2. Nf3 Nc6 3. Bc4 Nf6 4. d3 d5 5. exd5 Nxd5 6. O-O Bc5 7. Re1 O-O 8. Nbd2 f6 9. a4 a6 10. c3 Kh8 11. a5 Ba7 12. Nf1 Be6 13. Bd2 Qd7 14. Qb3 Bg8 15. Ng3 Rab8 16. Qa3 Rbe8 17. Rad1 Nd8 18. Ne4 Ne6 19. Bxd5 Qxd5 20. c4 Qc6 21. Be3 Nd4 22. Nxd4 exd4 23. Bd2 f5 24. Ng5 Rxe1+ 25. Rxe1 Re8 26. Nf3 Rxe1+ 27. Bxe1 Qe8 28. Kf1 Bf7 29. Qb4 b6 30. axb6 cxb6 31. Qd6 Bh5 32. Qxd4 Qe7 33. Bb4 Qc7 34. Bd6 Qc6 35. Be5 Kg8 36. Qd8+ Qe8 37. Qc7 Qf7 38. Qc8+ Qf8 39. Qb7 1-0

[Event "German Bundesliga 2023-24"]
[Site "Germany"]
[Date "2024.04.28"]
[Round "15"]
[White "Donchenko, Alexander"]
[Black "Ragger, Markus"]
[Result "1/2-1/2"]
[WhiteElo "2664"]
[BlackElo "2615"]
[Annotator "TA"]
[PlyCount "43"]
[EventDate "2023.10.20"]
[EventType "team-tourn"]
[EventCountry "GER"]
[SourceTitle "playchess.com"]
[Source "ChessBase"]
[SourceQuality "1"]

1. d4 Nf6 2. c4 g6 3. h4 d6 4. Nc3 Nbd7 5. e4 e5 6. d5 Nc5 7. Qc2 a5 8. Nf3 Bg7 9. Be2 Bd7 10. Nd2 h5 11. Nb3 b6 12. Nxc5 bxc5 13. Bg5 Bh6 14. g3 Qe7 15. Qd2 Ng8 16. O-O-O f6 17. Bxh6 Nxh6 18. f3 Nf7 19. g4 Qf8 20. Rdg1 hxg4 21. fxg4 Qh6 22. Nd1 1/2-1/2

[Event "German Bundesliga 2023-24"]
[Site "Germany"]
[Date "2024.04.28"]
[Round "15"]
[White "Warmerdam, Max"]
[Black "Rapport, Richard"]
[Result "1-0"]
[WhiteElo "2636"]
[BlackElo "2717"]
[Annotator "TA"]
[PlyCount "87"]
[EventDate "2023.10.20"]
[EventType "team-tourn"]
[EventCountry "GER"]
[SourceTitle "playchess.com"]
[Source "ChessBase"]
[SourceQuality "1"]

1. d4 e6 2. c4 c5 3. d5 g6 4. e4 d6 5. Bd3 Bg7 6. h3 exd5 7. exd5 Nd7 8. Nf3 Qe7+ 9. Qe2 Qxe2+ 10. Kxe2 Ne5 11. Nxe5 Bxe5 12. Nc3 Bd7 13. Bd2 f5 14. f4 Bd4 15. Kf3 Nf6 16. Ne2 Ne4 17. Be1 Bg7 18. Bxe4 fxe4+ 19. Ke3 Bxb2 20. Rb1 Bd4+ 21. Nxd4 cxd4+ 22. Kxd4 O-O-O 23. Bb4 Kc7 24. Rhe1 b6 25. Rxe4 Rde8 26. Rbe1 Rxe4+ 27. Rxe4 Re8 28. Rxe8 Bxe8 29. g4 Bd7 30. Ke4 Ba4 31. Kd3 Bd7 32. Ke4 Ba4 33. Kd3 Bd7 34. Kd4 h5 35. f5 hxg4 36. f6 Be8 37. hxg4 a6 38. Ke4 b5 39. cxb5 axb5 40. Kf4 Bf7 41. Kg5 Kd7 42. a3 Ke8 43. Bxd6 Bxd5 44. Kxg6 1-0

[Event "German Bundesliga 2023-24"]
[Site "Germany"]
[Date "2024.04.28"]
[Round "15"]
[White "Oleksiyenko, Mykhaylo"]
[Black "Hausrath, Daniel"]
[Result "1/2-1/2"]
[WhiteElo "2567"]
[BlackElo "2462"]
[Annotator "TA"]
[PlyCount "90"]
[EventDate "2023.10.20"]
[EventType "team-tourn"]
[EventCountry "GER"]
[SourceTitle "playchess.com"]
[Source "ChessBase"]
[SourceQuality "1"]

1. e4 c5 2. Nf3 Nc6 3. d4 cxd4 4. Nxd4 g6 5. c4 Bg7 6. Be3 Nf6 7. Nc3 O-O 8. Be2 d6 9. O-O Bd7 10. Nc2 Rc8 11. Rc1 Qa5 12. f4 Be6 13. a3 Qa6 14. Nd5 Nxe4 15. Ncb4 Nxb4 16. Nxe7+ Kh8 17. axb4 Bxc4 18. Rxc4 Rxc4 19. Qd5 Nf6 20. Qxc4 Qxc4 21. Bxc4 Re8 22. Nxg6+ hxg6 23. Bxa7 d5 24. Bd3 Ne4 25. f5 Bxb2 26. fxg6 fxg6 27. Rf7 Ra8 28. Bxe4 Rxa7 29. Bxd5 Ba3 30. b5 Bc5+ 31. Kf1 Ra1+ 32. Ke2 b6 33. Bc4 Ra3 34. Rd7 Re3+ 35. Kf1 Re7 36. Rd8+ Kg7 37. g3 Re4 38. Rd7+ Re7 39. Rd2 Re4 40. Rc2 g5 41. Kg2 Kf6 42. Bd5 Re1 43. Kh3 Kf5 44. Bf3 Re7 45. Bg4+ Ke5 1/2-1/2

[Event "German Bundesliga 2023-24"]
[Site "Germany"]
[Date "2024.04.28"]
[Round "15"]
[White "Van den Doel, Erik"]
[Black "Buckels, Valentin"]
[Result "1/2-1/2"]
[WhiteElo "2547"]
[BlackElo "2429"]
[Annotator "TA"]
[PlyCount "107"]
[EventDate "2023.10.20"]
[EventType "team-tourn"]
[EventCountry "GER"]
[SourceTitle "playchess.com"]
[Source "ChessBase"]
[SourceQuality "1"]

1. e4 e5 2. Nf3 Nc6 3. Bb5 a6 4. Ba4 Nf6 5. O-O Bc5 6. c3 O-O 7. d4 Ba7 8. Re1 d6 9. h3 Re8 10. Be3 Bd7 11. Bc2 h6 12. Nbd2 b5 13. a3 a5 14. Bd3 Qb8 15. Rb1 a4 16. b4 axb3 17. Qxb3 Na5 18. Qb4 c5 19. dxc5 dxc5 20. Bxc5 Bxc5 21. Qxc5 Nb7 22. Qb4 Ra4 23. Qb2 Qa7 24. Bxb5 Bxb5 25. Qxb5 Nd6 26. Qb6 Qxb6 27. Rxb6 Nfxe4 28. Nxe4 Nxe4 29. Rb4 Nxc3 30. Rxa4 Nxa4 31. Rxe5 Ra8 32. Re3 Nb2 33. Rc3 Na4 34. Rc6 Rd8 35. Rc4 Rd1+ 36. Kh2 Nb2 37. Rc2 Na4 38. Rc8+ Kh7 39. Rc4 Nb2 40. Rc7 Ra1 41. Rxf7 Rxa3 42. Nd4 Kg6 43. Rf8 Nc4 44. f4 Ne3 45. f5+ Kh7 46. Ne6 Ra2 47. Nf4 Nf1+ 48. Kg1 Ng3 49. Nd5 Rd2 50. Ne7 Rd7 51. Re8 Rd2 52. Rf8 Rc2 53. Ng6 Nxf5 54. Rxf5 1/2-1/2

[Event "German Bundesliga 2023-24"]
[Site "Germany"]
[Date "2024.04.28"]
[Round "15"]
[White "Handke, Florian"]
[Black "Shirov, Alexei"]
[Result "0-1"]
[WhiteElo "2527"]
[BlackElo "2657"]
[Annotator "TA"]
[PlyCount "80"]
[EventDate "2023.10.20"]
[EventType "team-tourn"]
[EventCountry "GER"]
[SourceTitle "playchess.com"]
[Source "ChessBase"]
[SourceQuality "1"]

1. d4 d5 2. c4 e6 3. Nc3 c6 4. e4 dxe4 5. Nxe4 Bb4+ 6. Nc3 c5 7. a3 Ba5 8. Nge2 cxd4 9. Qxd4 Nf6 10. b4 Nc6 11. Qxd8+ Bxd8 12. Bb2 a5 13. b5 Ne5 14. Nd4 Ned7 15. Na4 Nb6 16. Nxb6 Bxb6 17. Be2 Ne4 18. Bf3 Nc5 19. O-O-O Bd7 20. Rhe1 O-O-O 21. Kc2 f6 22. Bg4 e5 23. Nf5 Kb8 24. f3 h5 25. Bh3 Be6 26. Ne3 Bf7 27. Nd5 Bg6+ 28. Kc3 Na4+ 29. Kb3 Nxb2 30. Kxb2 Bf2 31. Re2 Bd4+ 32. Rxd4 exd4 33. Re7 Rhe8 34. Rxg7 Bd3 35. Nxf6 Re2+ 36. Kc1 Bxc4 37. b6 d3 38. Nd7+ Ka8 39. Rg5 d2+ 40. Kd1 Bb3+ 0-1

[Event "German Bundesliga 2023-24"]
[Site "Germany"]
[Date "2024.04.28"]
[Round "15"]
[White "Zelbel, Patrick"]
[Black "Motylev, Alexander"]
[Result "1-0"]
[WhiteElo "2478"]
[BlackElo "2619"]
[Annotator "TA"]
[PlyCount "80"]
[EventDate "2023.10.20"]
[EventType "team-tourn"]
[EventCountry "GER"]
[SourceTitle "playchess.com"]
[Source "ChessBase"]
[SourceQuality "1"]

1. e4 c5 2. Nf3 Nc6 3. Bb5 g6 4. O-O Bg7 5. c3 Nf6 6. Re1 O-O 7. d4 d5 8. e5 Ne4 9. Be3 Qb6 10. Bxc6 bxc6 11. Qc1 c4 12. Nbd2 Nxd2 13. Nxd2 Bf5 14. b3 Bd3 15. h4 Rfb8 16. Qa3 Bf8 17. e6 fxe6 18. Bf4 Rc8 19. bxc4 c5 20. Nb3 cxd4 21. c5 Qb5 22. cxd4 Bg7 23. Rxe6 Qd7 24. Re3 Be4 25. f3 Rf8 26. Bg5 h6 27. c6 Qxc6 28. Bxe7 Rf7 29. fxe4 Qc2 30. Rf1 Rxf1+ 31. Kxf1 Rc8 32. Qd6 Kh7 33. exd5 Qb1+ 34. Re1 Qxa2 35. Qg3 Qc2 36. h5 gxh5 37. Rc1 Qf5+ 38. Qf3 Rxc1+ 39. Nxc1 Qxf3+ 40. gxf3 Kg6 1-0

[Event "German Bundesliga 2023-24"]
[Site "Germany"]
[Date "2024.04.28"]
[Round "15"]
[White "Halvax, Georg"]
[Black "Adams, Michael"]
[Result "0-1"]
[WhiteElo "2449"]
[BlackElo "2674"]
[Annotator "TA"]
[PlyCount "62"]
[EventDate "2023.10.20"]
[EventType "team-tourn"]
[EventCountry "GER"]
[SourceTitle "playchess.com"]
[Source "ChessBase"]
[SourceQuality "1"]

1. d4 Nf6 2. c4 e6 3. Nf3 b6 4. g3 Bb4+ 5. Bd2 Be7 6. Bg2 c6 7. O-O O-O 8. Qc2 d5 9. b3 Nbd7 10. Nc3 Ba6 11. e4 dxc4 12. Rfd1 h6 13. e5 Nd5 14. Ne4 cxb3 15. axb3 Be2 16. Rdc1 c5 17. Qb2 a5 18. dxc5 Bxf3 19. Bxf3 Nxc5 20. Nxc5 Bxc5 21. Rc4 f5 22. Qc1 Qd7 23. Bxh6 gxh6 24. Qxh6 Rae8 25. Raa4 Nb4 26. Rh4 Qg7 27. Qd2 Rd8 28. Qe2 Rd4 29. Rh5 Rfd8 30. Ra1 Nd3 31. h4 Nf4 0-1

[Event "German Bundesliga 2023-24"]
[Site "Germany"]
[Date "2024.04.28"]
[Round "15"]
[White "Saltaev, Mihail"]
[Black "Cornette, Matthieu"]
[Result "0-1"]
[WhiteElo "2441"]
[BlackElo "2588"]
[Annotator "TA"]
[PlyCount "130"]
[EventDate "2023.10.20"]
[EventType "team-tourn"]
[EventCountry "GER"]
[SourceTitle "playchess.com"]
[Source "ChessBase"]
[SourceQuality "1"]

1. e4 e5 2. Nf3 Nc6 3. Bb5 a6 4. Ba4 Nf6 5. d3 Bc5 6. Nc3 d6 7. Nd5 Nxd5 8. exd5 b5 9. dxc6 bxa4 10. c3 O-O 11. Qxa4 Bf5 12. d4 exd4 13. cxd4 Bb6 14. O-O Be4 15. Be3 Bd5 16. Rfe1 Qf6 17. Nd2 Rfe8 18. Kh1 Qg6 19. f3 Qd3 20. Nf1 Re6 21. Bf2 Rae8 22. Red1 Qb5 23. Qxb5 axb5 24. Ng3 g6 25. Kg1 f5 26. f4 Ra8 27. a3 Ra4 28. Rac1 b4 29. Rd3 Re8 30. h4 Rea8 31. axb4 Rxb4 32. Rd2 Ra2 33. Rcc2 Kf7 34. Kh2 Ba5 35. Re2 Rb6 36. Be1 Bxe1 37. Rxe1 Rbxb2 38. Rxb2 Rxb2 39. Re2 Rb4 40. Rd2 Rc4 41. Nf1 Rxc6 42. Ne3 Be4 43. Kg3 Rc3 44. Kf2 Ke6 45. Ra2 Rd3 46. Ra7 Kd7 47. Ra4 Rd2+ 48. Ke1 Rb2 49. g3 h5 50. Kf1 Kc8 51. Ke1 Kb7 52. Nc4 Rg2 53. Ra3 Kc6 54. Kd1 Rg1+ 55. Kd2 Kb5 56. Ne3 Rxg3 57. Rc3 c5 58. dxc5 dxc5 59. Rb3+ Kc6 60. Ra3 Rf3 61. Nc4 Rxf4 62. Ne5+ Kd5 63. Nxg6 Rg4 64. Ra6 f4 65. Ne7+ Ke5 0-1

[Event "German Bundesliga 2023-24"]
[Site "Germany"]
[Date "2024.04.28"]
[Round "15"]
[White "Riehle, Marco"]
[Black "Gungl, Theo"]
[Result "1-0"]
[WhiteElo "2368"]
[BlackElo "2372"]
[Annotator "RC"]
[PlyCount "105"]
[EventDate "2023.10.20"]
[EventType "team-tourn"]
[EventCountry "GER"]
[SourceTitle "playchess.com"]
[Source "ChessBase"]
[SourceQuality "1"]

1. e4 c5 2. Nf3 d6 3. d4 cxd4 4. Nxd4 Nf6 5. Nc3 a6 6. Be3 e6 7. f3 b5 8. Qd2 Bb7 9. g4 Nfd7 10. O-O-O Nb6 11. Bg5 Qc8 12. Bd3 N8d7 13. Kb1 Ne5 14. f4 Nec4 15. Qe2 Qc5 16. Bxc4 Nxc4 17. f5 Rc8 18. Qf3 Qb4 19. Nb3 Na3+ 20. bxa3 Qxc3 21. Rd3 Qxc2+ 22. Ka1 exf5 23. Rc1 fxe4 24. Re3 Qxc1+ 25. Nxc1 Rxc1+ 26. Kb2 Rc5 27. Rxe4+ Bxe4 28. Qxe4+ Kd7 29. Qb7+ Ke6 30. Be3 Rc4 31. Qa8 g6 32. Qxa6 Bg7+ 33. Kb1 Rxg4 34. Qxb5 Rc8 35. a4 Re4 36. Qb3+ Rcc4 37. a5 Kf5 38. Bd2 d5 39. a6 Rcd4 40. Qh3+ Rg4 41. a7 Rxd2 42. a8=Q Rdd4 43. a3 h5 44. Qc8+ Kg5 45. Qe3+ Rgf4 46. Qd8+ f6 47. Qc7 Bh6 48. Qcc1 Rde4 49. Qd3 Re5 50. Qg1+ Rg4 51. h4+ Kxh4 52. Qf2+ Kg5 53. Qdd2+ 1-0

[Event "German Bundesliga 2023-24"]
[Site "Germany"]
[Date "2024.04.28"]
[Round "15"]
[White "Van Osch, Mees"]
[Black "Lai, Hing Ting"]
[Result "1/2-1/2"]
[WhiteElo "2363"]
[BlackElo "2478"]
[Annotator "TA"]
[PlyCount "68"]
[EventDate "2023.10.20"]
[EventType "team-tourn"]
[EventCountry "GER"]
[SourceTitle "playchess.com"]
[Source "ChessBase"]
[SourceQuality "1"]

1. e4 c6 2. d4 d5 3. e5 Bf5 4. h4 Qb6 5. c4 dxc4 6. Na3 e6 7. Nxc4 Qd8 8. Nf3 Nd7 9. Ne3 Be4 10. Ng5 Bg6 11. h5 Qxg5 12. hxg6 Qxg6 13. Bd3 Qg5 14. Qf3 Nh6 15. Nd5 Qd8 16. Nc3 Qb6 17. Bxh6 gxh6 18. O-O-O O-O-O 19. Bc2 c5 20. dxc5 Bxc5 21. Na4 Qc7 22. Nxc5 Qxc5 23. Qxf7 Rhf8 24. Qxh7 Nxe5 25. f3 Nc4 26. Qe4 Qg5+ 27. f4 Rxf4 28. Qxe6+ Kc7 29. Rh5 Qxh5 30. Qe7+ Kc6 31. Rxd8 Rf1+ 32. Bd1 Qg5+ 33. Qxg5 hxg5 34. Rd3 Ne5 1/2-1/2

[Event "German Bundesliga 2023-24"]
[Site "Germany"]
[Date "2024.04.28"]
[Round "15"]
[White "Hagner, Bennet"]
[Black "Bashylina, Luisa"]
[Result "1-0"]
[WhiteElo "2356"]
[BlackElo "2175"]
[Annotator "TA"]
[PlyCount "65"]
[EventDate "2023.10.20"]
[EventType "team-tourn"]
[EventCountry "GER"]
[SourceTitle "playchess.com"]
[Source "ChessBase"]
[SourceQuality "1"]

1. e4 c5 2. Nf3 d6 3. d4 cxd4 4. Nxd4 Nf6 5. Nc3 a6 6. a3 e6 7. Be3 b5 8. g4 h6 9. Rg1 e5 10. Nb3 Be6 11. h4 h5 12. g5 Ng4 13. Bd2 Qb6 14. Rg2 Nd7 15. Qf3 Rc8 16. Bd3 Nc5 17. Nxc5 dxc5 18. Nd5 Qb7 19. c4 Bd6 20. Qe2 Bxd5 21. cxd5 c4 22. Bc2 b4 23. axb4 Bxb4 24. f3 c3 25. bxc3 Bxc3 26. Bxc3 Rxc3 27. fxg4 Qb4 28. Kf1 Rh3 29. Rb1 Qd4 30. Qf2 Rh1+ 31. Rg1 Qc4+ 32. Kg2 Rxg1+ 33. Kxg1 1-0

[Event "German Bundesliga 2023-24"]
[Site "Germany"]
[Date "2024.04.28"]
[Round "15"]
[White "Kuehn, Kolja"]
[Black "Dordevic, Tom"]
[Result "0-1"]
[WhiteElo "2130"]
[BlackElo "1997"]
[Annotator "NA RC"]
[PlyCount "152"]
[EventDate "2023.10.20"]
[EventType "team-tourn"]
[EventCountry "GER"]
[SourceTitle "playchess.com"]
[Source "ChessBase"]
[SourceQuality "1"]

1. e4 e5 2. Nf3 Nf6 3. d4 Nxe4 4. Bd3 Nc6 5. dxe5 d5 6. exd6 Nxd6 7. Nc3 Be7 8. O-O Be6 9. Re1 O-O 10. Bf4 Re8 11. Qd2 Bf6 12. Ng5 Bxg5 13. Bxg5 f6 14. Bf4 Nf7 15. Rad1 Nce5 16. Bf1 Qxd2 17. Rxd2 c6 18. Red1 Ng6 19. Bg3 Ne7 20. f3 Nd5 21. Nxd5 Bxd5 22. c4 Be6 23. b3 Rad8 24. Rxd8 Rxd8 25. Re1 Re8 26. Bd3 g6 27. Bf2 b6 28. Bd4 Kg7 29. Bc3 Nd8 30. Kf2 Kf7 31. f4 Nb7 32. Bc2 Rd8 33. Rd1 Rxd1 34. Bxd1 Nd8 35. Bf3 Bd7 36. Ke3 Ne6 37. g3 Nd8 38. Bb2 Ne6 39. Ba3 Nd8 40. Bd6 Ne6 41. Bb8 a5 42. Ba7 b5 43. Bb6 a4 44. bxa4 bxa4 45. c5 a3 46. Kd3 f5 47. Kc3 h6 48. Bg2 g5 49. fxg5 hxg5 50. Bf1 f4 51. gxf4 gxf4 52. Kb4 f3 53. Kxa3 f2 54. Kb4 Nf4 55. Bd8 Bh3 56. Ba6 f1=Q 57. Bxf1 Bxf1 58. Ka5 Nd5 59. Bh4 Bc4 60. a3 Kg6 61. Be1 Kh5 62. h4 Kg4 63. a4 Kh5 64. Bf2 Be2 65. Be1 Kg4 66. Bf2 Kh5 67. Be1 Bd1 68. Bf2 Nc3 69. Kb4 Nxa4 70. Kc4 Be2+ 71. Kd4 Bf3 72. Be1 Bd5 73. Bf2 Nb2 74. Ke3 Nd1+ 75. Ke2 Nxf2 76. Kxf2 Kxh4 0-1

[Event "German Bundesliga 2023-24"]
[Site "Germany"]
[Date "2024.04.28"]
[Round "15.1"]
[White "Duda, Jan-Krzysztof"]
[Black "Brkic, Ante"]
[Result "1-0"]
[WhiteElo "2726"]
[BlackElo "2606"]
[Annotator "TA"]
[PlyCount "106"]
[EventDate "2023.10.20"]
[EventType "team-tourn"]
[EventCountry "GER"]
[SourceTitle "playchess.com"]
[Source "ChessBase"]
[SourceQuality "1"]

1. Nf3 d5 2. g3 g6 3. Bg2 Bg7 4. O-O e5 5. d3 Nc6 6. Nbd2 Nge7 7. e4 O-O 8. Rb1 a5 9. b3 d4 10. Nc4 b5 11. Nb2 h6 12. a4 b4 13. Nh4 Be6 14. f4 exf4 15. gxf4 f5 16. Qe1 Qd7 17. Bd2 Bf7 18. Qg3 fxe4 19. dxe4 d3 20. Nxd3 Nd4 21. Rf2 Nxc2 22. Ne5 Qe6 23. Nxf7 Rxf7 24. Rc1 Nd4 25. Bf1 Qxb3 26. Bc4 Qxg3+ 27. hxg3 c6 28. Be3 Bf6 29. Kg2 Kf8 30. Rd2 c5 31. Nf3 Nxf3 32. Kxf3 Bc3 33. Rd7 Rf6 34. Bxc5 Rc6 35. Bxe7+ Ke8 36. Bb5 Kxd7 37. Bf6 Rb8 38. Bxc6+ Kxc6 39. Bxc3 bxc3 40. Rxc3+ Kd7 41. Rc5 Rb3+ 42. Kg4 Rb4 43. Rd5+ Kc7 44. Rxa5 Rxe4 45. Ra6 g5 46. Rxh6 gxf4 47. gxf4 Rxa4 48. Re6 Kd7 49. Re1 Ra8 50. Kg5 Rg8+ 51. Kh6 Rf8 52. Re4 Kd6 53. Kg7 Kd5 1-0

[Event "German Bundesliga 2023-24"]
[Site "Germany"]
[Date "2024.04.28"]
[Round "15.1"]
[White "Bjerre, Jonas Buhl"]
[Black "Santos Latasa, Jaime"]
[Result "1/2-1/2"]
[WhiteElo "2637"]
[BlackElo "2615"]
[Annotator "RC"]
[PlyCount "46"]
[EventDate "2023.10.20"]
[EventType "team-tourn"]
[EventCountry "GER"]
[SourceTitle "playchess.com"]
[Source "ChessBase"]
[SourceQuality "1"]

1. e4 e6 2. d4 d5 3. Nd2 c5 4. Ngf3 cxd4 5. Nxd4 Nc6 6. Bb5 Bd7 7. Nxc6 bxc6 8. Bd3 Qc7 9. Qe2 Ne7 10. b3 Ng6 11. g3 Bb4 12. Bb2 O-O 13. O-O f5 14. exf5 exf5 15. f4 c5 16. c3 Ba5 17. Nf3 Rae8 18. Qd2 Bb6 19. Bc2 Bc6 20. b4 cxb4+ 21. Nd4 bxc3 22. Bxc3 Qd7 23. a4 Ne7 1/2-1/2